000 00494cam a22001932a 4500
001 000072
003 AR-FADEU
008 311216n1984####xxu####################dd
100 _aJones, Leo
245 _aIdeas
260 _aCambridge
260 _bCambridge University
260 _c1984
020 _a0 521 24928 7
546 _aInglés
500 _aLa Biblioteca posee además: libro de texto
650 _aLENGUA INGLESA-USO; EXPRESION ORAL; PERCEPCION Y COMPRENSION
942 _cAUDIO
999 _c84
_d84